<?xml version="1.0" encoding="UTF-8"?>
<record
    xmlns:xsi="http://www.w3.org/2001/XMLSchema-instance"
    xsi:schemaLocation="http://www.loc.gov/MARC21/slim http://www.loc.gov/standards/marcxml/schema/MARC21slim.xsd"
    xmlns="http://www.loc.gov/MARC21/slim">

  <leader>01662nam a2200241 a 4500</leader>
  <controlfield tag="001">000045891</controlfield>
  <controlfield tag="005">20201002052515.0</controlfield>
  <controlfield tag="008">150526s2015    dr            000 0 spa d</controlfield>
  <datafield tag="020" ind1=" " ind2=" ">
    <subfield code="a">9789945891263</subfield>
  </datafield>
  <datafield tag="040" ind1=" " ind2=" ">
    <subfield code="a">DO-SdBNP</subfield>
    <subfield code="b">spa</subfield>
    <subfield code="c">BNPHU</subfield>
  </datafield>
  <datafield tag="082" ind1=" " ind2=" ">
    <subfield code="a">xxxx</subfield>
    <subfield code="b">xxxx</subfield>
  </datafield>
  <datafield tag="100" ind1="1" ind2=" ">
    <subfield code="a">Reyes V&#xE1;squez, Ra&#xFA;l</subfield>
    <subfield code="9">73960</subfield>
  </datafield>
  <datafield tag="245" ind1="1" ind2="3">
    <subfield code="a">El registro de estado civil :</subfield>
    <subfield code="b">historia y evoluci&#xF3;n /</subfield>
    <subfield code="c">Ra&#xFA;l Reyes V&#xE1;squez ; pr&#xF3;logo Rafael Luciano Pichardo.</subfield>
  </datafield>
  <datafield tag="260" ind1=" " ind2=" ">
    <subfield code="a">Santo Domingo :</subfield>
    <subfield code="b">Gaceta Judicial,</subfield>
    <subfield code="c">2015.</subfield>
  </datafield>
  <datafield tag="300" ind1=" " ind2=" ">
    <subfield code="a">772 p. ;</subfield>
    <subfield code="c">23 cm.</subfield>
  </datafield>
  <datafield tag="490" ind1="1" ind2=" ">
    <subfield code="a">Manuales</subfield>
  </datafield>
  <datafield tag="500" ind1=" " ind2=" ">
    <subfield code="a">Incluye referencias bibliogr&#xE1;ficas y notas al pie de las p&#xE1;ginas</subfield>
  </datafield>
  <datafield tag="500" ind1=" " ind2=" ">
    <subfield code="a">Incluye datos biogr&#xE1;ficos del autor en la solapa de la cubierta.</subfield>
  </datafield>
  <datafield tag="504" ind1=" " ind2=" ">
    <subfield code="a">Bibliograf&#xED;a : p. 763-772</subfield>
  </datafield>
  <datafield tag="505" ind1="0" ind2=" ">
    <subfield code="g">Parte I</subfield>
    <subfield code="t">Importancia del registro civil --</subfield>
    <subfield code="t">Historia --</subfield>
    <subfield code="t">Evoluci&#xF3;n del registro de estado civil en la Rep&#xFA;blica Dominicana --</subfield>
    <subfield code="g">Parte II</subfield>
    <subfield code="t">Conformaci&#xF3;n del registro de estado civil --</subfield>
    <subfield code="t">Registros del estado civil --</subfield>
    <subfield code="t">Actas del estado civil --</subfield>
    <subfield code="t">Transcripci&#xF3;n de actas del estado civil --</subfield>
    <subfield code="t">P&#xE9;rdida, destrucci&#xF3;n u omisi&#xF3;n de los registros --</subfield>
    <subfield code="t">Rectificaci&#xF3;n de las actas del estado civil --</subfield>
    <subfield code="t">La regla "error communis facit jus" en materia de estado civil --</subfield>
    <subfield code="t">Las actas del estado civil y la actitud notarial --</subfield>
    <subfield code="t">Paralelismo operativo entre las actas del esado civil y el c&#xF3;digo del menor --</subfield>
    <subfield code="g">Parte III</subfield>
    <subfield code="t">Estudio particular de cada acta y su contenido --</subfield>
    <subfield code="t">Acta de nacimiento --</subfield>
    <subfield code="t">Acta de matrimonio --</subfield>
    <subfield code="t">Acta de reconocimiento --</subfield>
    <subfield code="t">Acta de divorcio --</subfield>
    <subfield code="t">Acta de difunci&#xF3;n --</subfield>
    <subfield code="t">Conclusi&#xF3;n del registro civil --</subfield>
  </datafield>
  <datafield tag="700" ind1="1" ind2="2">
    <subfield code="a">Pichardo, Rafael Luciano,</subfield>
    <subfield code="e">pr&#xF3;l.</subfield>
    <subfield code="9">38362</subfield>
  </datafield>
  <datafield tag="830" ind1=" " ind2="0">
    <subfield code="a">Manuales</subfield>
    <subfield code="9">35652</subfield>
  </datafield>
  <datafield tag="952" ind1=" " ind2=" ">
    <subfield code="0">0</subfield>
    <subfield code="1">1</subfield>
    <subfield code="5">4</subfield>
    <subfield code="7">0</subfield>
    <subfield code="8">DS</subfield>
    <subfield code="a">GR</subfield>
    <subfield code="b">GR</subfield>
    <subfield code="c">MI</subfield>
    <subfield code="d">2015-05-26</subfield>
    <subfield code="i">LF1</subfield>
    <subfield code="l">0</subfield>
    <subfield code="o">xxxx xxxx</subfield>
    <subfield code="p">45891-30</subfield>
    <subfield code="r">2020-06-25</subfield>
    <subfield code="t">e. 3</subfield>
    <subfield code="w">2020-06-25</subfield>
    <subfield code="y">LFDS</subfield>
    <subfield code="Z">Pr&#xE9;stamo en sala</subfield>
  </datafield>
  <datafield tag="952" ind1=" " ind2=" ">
    <subfield code="0">0</subfield>
    <subfield code="1">0</subfield>
    <subfield code="7">1</subfield>
    <subfield code="8">PD</subfield>
    <subfield code="a">PD</subfield>
    <subfield code="b">PD</subfield>
    <subfield code="c">CT</subfield>
    <subfield code="d">2015-05-26</subfield>
    <subfield code="i">LF1</subfield>
    <subfield code="l">0</subfield>
    <subfield code="o">xxxx xxxx</subfield>
    <subfield code="p">45891-10</subfield>
    <subfield code="r">2020-06-25</subfield>
    <subfield code="w">2020-06-25</subfield>
    <subfield code="y">LFPD</subfield>
    <subfield code="Z">No se presta</subfield>
  </datafield>
  <datafield tag="952" ind1=" " ind2=" ">
    <subfield code="0">0</subfield>
    <subfield code="1">0</subfield>
    <subfield code="7">1</subfield>
    <subfield code="8">PD</subfield>
    <subfield code="a">PD</subfield>
    <subfield code="b">PD</subfield>
    <subfield code="c">CT</subfield>
    <subfield code="d">2015-05-26</subfield>
    <subfield code="i">LF1</subfield>
    <subfield code="l">0</subfield>
    <subfield code="o">xxxx xxxx</subfield>
    <subfield code="p">45891-20</subfield>
    <subfield code="r">2020-06-25</subfield>
    <subfield code="t">e. 2</subfield>
    <subfield code="w">2020-06-25</subfield>
    <subfield code="y">LFPD</subfield>
    <subfield code="Z">No se presta</subfield>
  </datafield>
  <datafield tag="999" ind1=" " ind2=" ">
    <subfield code="c">45380</subfield>
    <subfield code="d">45380</subfield>
  </datafield>
</record>
